000 00604nam a2200229Ia 4500
001 dia_7298
003 CHAP
008 220117s[19- xx 000 0 und d
010 _a179026
040 _cCHAP
090 _aF 623 [19--]
110 2 _aUniversidad Autónoma Chapingo
_9143749
245 _aEstatuto de la Universidad Autónoma Chapingo
260 _aMéxico :
_b Universidad Autónoma Chapingo,
_c[19-
300 _a49 p.
901 _aF 623 [19--]
902 _aM
905 _a000000[19--] mx 0000000000spa00
942 _c12
942 _c12
999 _c179026
_d179026